| 000 | 00509nam a22001937a 4500 | ||
|---|---|---|---|
| 003 | CO-ViMGA | ||
| 005 | 20230915225016.0 | ||
| 008 | 150630b xxu||||| |||| 00| 0 eng d | ||
| 020 | _a9789587583984 | ||
| 040 |
_aCO-ViMGA _bspa _cCO-ViMGA |
||
| 082 | 0 | 4 | _a920.5 V14t |
| 100 | 1 | _4GUILLERMO CANO | |
| 245 | 1 | 0 | _aTINTA INDELEBLE |
| 260 |
_aBOGOTA _bAGUILAR _c2012 |
||
| 300 | _a[650 ] PAGINAS | ||
| 650 | 1 | 4 | _2NOVELA |
| 700 | 1 | _4ANA MARIA BUSQUETS | |
| 942 |
_2ddc _cBK _h920.5 V 14 t |
||
| 999 |
_c2397 _d2397 |
||